000 00620nam a2200241Ia 4500
003 OSt
005 20220918192719.0
006 a|||||r|||| 00| 0
007 ta
008 220917b |||||||| |||| 00| 0 eng d
024 _a69,761
037 _cTextual
040 _aARTS
_cARTS
_beng
041 _2eng
_aeng
082 _aQ, K51
100 _aSinghal J P
_979886
245 0 _aChangeable and the unchangeable in religion
260 _aHosiarpur
_bV V Research Inst
_c1965
300 _ax, 225p.
_ccm.
650 _aRELIGION
942 _hQ, K51
_cTEXL
_2CC
999 _c195891
_d195891